| 000 | 01211cam a22003377a 4500 | ||
|---|---|---|---|
| 003 | CHAP | ||
| 005 | 20220817042657.0 | ||
| 008 | 971013s1984 r 00010 d | ||
| 010 | _a51918 | ||
| 011 | _a52890 | ||
| 035 | _a57040 | ||
| 040 | _cCHAP | ||
| 090 | _aTesis | ||
| 100 | 0 | 0 |
_aTrinidad Hernández, Alfredo. _9115159 |
| 245 | 0 | _aMetodología para la determinación de microhabitats forestales en el Campo Experimental Zoquiapan, Edo. de México | |
| 260 |
_aChapingo, Méx. : _bEl autor, _c1984 |
||
| 300 |
_a134 h. _b: ilus. ; mapas |
||
| 502 | _aTesis (Ing. Agr. Esp. en Bosques) -- UACH. Depto. de Bosques | ||
| 590 |
_aALEPH _b10 _c20130110 _lUCH01 _h1328 |
||
| 590 |
_aBATCH-UPD _b10 _c20130110 _lUCH01 _h0650 |
||
| 590 |
_aBATCH-UPD _b10 _c20130410 _lUCH01 _h0334 |
||
| 590 |
_aBATCH-UPD _b10 _c20130914 _lUCH01 _h0715 |
||
| 590 |
_aCONVERSION _b10 _c20130109 _lUCH01 _h1328 |
||
| 650 | 1 | 4 |
_aBosques _zMéxico (Edo.). _914419 |
| 650 | 1 | 4 |
_aBotánica forestal. _914679 |
| 650 | 1 | 4 | _aLevantamiento fisiográfico. |
| 710 | 0 |
_aUACH. Estación de Enseñanza, Investigación y Servicios Forestales de Zoquiapan. _9115941 |
|
| 901 | _aBK | ||
| 942 | _cTESIS | ||
| 949 |
_bBC _cTES _d-124243 _eTS1 _i57040 _si |
||
| 999 |
_c51918 _d51918 |
||